The Ultimate Candy Quiz Stats

Quiz Updated Jan 12, 2012

Also try: Candy Slogans
Challenge
Share
Tweet
Embed
Score 0/80 Timer 04:00
5 Plays Today
Candy % Correct
Blue
98.5%
Light Blue
98.5%
Red
98%
Red
98%
Green
97.8%
Green
97.8%
Green
97.8%
Orange
97.7%
Orange
97.7%
Orange
97.7%
Orange
97.7%
Orange
97.7%
Orange
97.7%
Orange
97.7%
Orange
97.7%
Orange
97.7%
Orange
97.7%
Orange
97.7%
Orange
97.7%
Orange
97.7%
Yellow
97.3%
Yellow
97.3%
Yellow
97.3%
Strawberry
92.7%
Strawberry
92.7%
Strawberry
92.7%
Strawberry
92.7%
Strawberry
92.7%
Strawberry
92.7%
Strawberry
92.7%
Lemon
91.3%
Lemon
91.3%
Lemon
91.3%
Lemon
91.3%
Lemon
91.3%
Lemon
91.3%
Brown
91.1%
Grape
89.7%
Grape
89.7%
Grape
89.7%
Candy % Correct
Grape
89.7%
Grape
89.7%
Grape
89.7%
Grape
89.7%
Grape
89.7%
Grape
89.7%
Cherry
88.3%
Cherry
88.3%
Cherry
88.3%
Cherry
88.3%
Cherry
88.3%
Cherry
88.3%
Cherry
88.3%
Cherry
88.3%
Cherry
88.3%
Green Apple
86.6%
Lime
86%
Lime
86%
Banana
82.9%
Banana
82.9%
Pink
82.1%
Green Apple
81.9%
Green Apple
81.9%
Sour Apple
81%
Apple
81%
Purple
80.7%
Wild Blue Raspberry
75%
Blue Raspberry
74.9%
Blue Raspberry
74.9%
Watermelon
71.2%
Watermelon
71.2%
Raspberry
62.9%
White
61.8%
Blueberry
57.8%
Root Beer
48.7%
Cola
34.8%
Pineapple
31.1%
Fruit Punch
15.3%
Cream
10.5%
Maui Punch
8.6%

You're not logged in!

Compare scores with friends on all Sporcle quizzes.
Join for Free
OR
Log In

You Might Also Like...

Show Comments

Extras

Top Quizzes Today


Score Distribution

Your Account Isn't Verified!

In order to create a playlist on Sporcle, you need to verify the email address you used during registration. Go to your Sporcle Settings to finish the process.

Report this User

Report this user for behavior that violates our Community Guidelines.

Details: